|
|
|
|
| LEADER |
01448nam a22003857a 4500 |
| 001 |
30323 |
| 003 |
BD-DhAAL |
| 005 |
20151107115945.0 |
| 008 |
150906s2008 bg a|||| b||| 00| 0 eng d |
| 040 |
|
|
|a BD-DhAAL
|c BD-DhAAL
|
| 082 |
|
|
|2 22
|a 307.1412095492
|
| 999 |
|
|
|c 36043
|d 36043
|
| 999 |
|
|
|c 36043
|
| 999 |
|
|
|c 36031
|
| 999 |
|
|
|c 36031
|
| 999 |
|
|
|c 36029
|
| 999 |
|
|
|c 36026
|
| 999 |
|
|
|c 35433
|
| 100 |
|
|
|a Zohir, Sajjad
|9 15967
|
| 245 |
|
|
|a Exclusion and poverty :
|c Zohir Sajjad [et al.]
|b an analytical approach for understanding exclusion and assessing programs targeting the very poor in Bangladesh /
|
| 260 |
|
|
|a Dhaka :
|b Research and Evaluation Division, BRAC,
|c 2008
|
| 300 |
|
|
|a 39 p. :
|b ill. ;
|c 25 cm.
|
| 541 |
|
|
|e 30323
|
| 610 |
|
|
|a BRAC
|9 14405
|
| 650 |
|
|
|a Rural Development
|z Bangladesh
|9 14406
|
| 700 |
|
|
|a Rabbani, Mehnaz
|9 15972
|
| 700 |
|
|
|a Mallik, Biva Arani
|9 15973
|
| 700 |
|
|
|a Huq, Iftekharul
|9 15974
|
| 700 |
|
|
|a Afsana, Raisa
|9 15975
|
| 700 |
|
|
|a Zlotkin, SH
|9 15976
|
| 710 |
|
|
|a BRAC
|9 14405
|
| 852 |
|
|
|a Ayesha Abed Library
|c BRAC Resource Section
|
| 942 |
|
|
|2 ddc
|c BK
|
| 952 |
|
|
|0 0
|1 0
|2 ddc
|4 0
|6 307_141209549200000_EXC
|7 0
|9 56630
|a BRACUL
|b BRACUL
|c BRS
|d 2015-11-07
|e BRAC
|l 0
|o 307.1412095492 EXC
|p 3010030323
|r 2015-11-07
|t 1
|w 2015-11-07
|y BK
|
| 952 |
|
|
|0 0
|1 0
|2 ddc
|4 0
|6 307_141209549200000_EXC
|7 0
|9 56631
|a BRACUL
|b BRACUL
|c BRS
|d 2015-11-07
|e BRAC
|l 0
|o 307.1412095492 EXC
|p 3010030324
|r 2015-11-07
|t 2
|w 2015-11-07
|y BK
|